Review of rehabilitation costs (Record no. 103601)
[ view plain ]
| 000 -LEADER | |
|---|---|
| fixed length control field | 00904cam a2200205 4500 |
| 008 - FIXED-LENGTH DATA ELEMENTS--GENERAL INFORMATION | |
| fixed length control field | 000000n2004 000 0 eng u |
| 020 ## - INTERNATIONAL STANDARD BOOK NUMBER | |
| International Standard Book Number | 1904829015 |
| 035 ## - SYSTEM CONTROL NUMBER | |
| System control number | (Sirsi) u126307 |
| 050 ## - LIBRARY OF CONGRESS CALL NUMBER | |
| Classification number | 690.24 |
| 110 ## - MAIN ENTRY--CORPORATE NAME | |
| Corporate name or jurisdiction name as entry element | Building Maintenance Information |
| 9 (RLIN) | 3229 |
| 245 ## - TITLE STATEMENT | |
| Title | Review of rehabilitation costs |
| 260 ## - PUBLICATION, DISTRIBUTION, ETC. | |
| Place of publication, distribution, etc. | London |
| Name of publisher, distributor, etc. | BMI |
| Date of publication, distribution, etc. | 2004 |
| 300 ## - PHYSICAL DESCRIPTION | |
| Extent | 13p. |
| Dimensions | 30cm. |
| 490 ## - SERIES STATEMENT | |
| Series statement | BMI Special Report |
| Volume/sequential designation | 329 |
| 520 ## - SUMMARY, ETC. | |
| Summary, etc. | This study provides information on the average amount spent on the rehabilitation of existing buildings. It is based on the analysis of contracts for over 2150 building projects. This item is part of a subscription service and cannot be photocopied. Neither can any part of it be read out over the phone. Please contact BMI direct on +44 (0)20 7695 1500 for details. |
| 650 ## - SUBJECT ADDED ENTRY--TOPICAL TERM | |
| Topical term or geographic name entry element | CONVERSION COSTS |
| 650 ## - SUBJECT ADDED ENTRY--TOPICAL TERM | |
| Topical term or geographic name entry element | REHABILITATION COSTS |
| 690 ## - LOCAL SUBJECT ADDED ENTRY--TOPICAL TERM (OCLC, RLIN) | |
| Topical term or geographic name as entry element | Refurbishment |
| 9 (RLIN) | 6264 |
| 942 ## - ADDED ENTRY ELEMENTS (KOHA) | |
| Suppress in OPAC | 0 |
| Withdrawn status | Lost status | Source of classification or shelving scheme | Damaged status | Not for loan | Home library | Current library | Shelving location | Date acquired | Total Checkouts | Full call number | Barcode | Date last seen | Copy number | Price effective from | Koha item type |
|---|---|---|---|---|---|---|---|---|---|---|---|---|---|---|---|
| Dewey Decimal Classification | London | London | BCIS/BMI publications | 14/06/2004 | ENQUIRY DESK | 30069330 | 06/08/2019 | 1 | 06/08/2019 | Reference material |